000 00949nam a2200325 a 4500
001 vtls000185066
003 NLI
005 20210602111300.0
008 101125s1976 ii 000 0 eng
020 _cRs. 55.00
039 9 _y201011252221
_zVLOAD
040 _aNLI
_beng
_cDatasoft 1
_eAACR2
041 0 _aeng
044 _aii
082 0 4 _a320.9
245 0 0 _aState and nation building /
_cedited by Rajni Kothari
260 _aCalcutta :
_bAllied Publishers,
_cc1976
300 _aix, 336 p. ;
_c22 cm.
500 _aLibrary has 2 cops.
650 0 _aPolitical science
_xHistory
_9201017
650 0 _aState, The
_980218
700 1 _aKothari, Rajni,
_4edt
_9236117
887 _a
901 _aDB31798
_b29.04.1977
901 _aDB31757
_b27.04.1977
_9c.2
902 _aE 320.9 K 848 s
942 _2ddc
_cBKS
949 _AVIRTUAITEM
_D10000
_X100
_6DBA000031798ENG
949 _AVIRTUAITEM
_D10000
_X100
_6DBA000031757ENG
999 _aVIRTUA40
_c190894
_d190894